[Event "AUTO-ADV-4007"]
[Site "http://www.queenalice.com/game.php?id=1541435"]
[Date "2018.9.7"]
[Round "2"]
[White "Sixpack_is_impossible"]
[Black "thw"]
[Result "0-1"]
[WhiteElo "1979"]
[BlackElo "2047"]

1. e4 c5 2. Nf3 d6 3. d4 cxd4 4. Nxd4 Nf6 5. Nc3 a6 6. Bg5 e6 7. Be2 Be7 8. O-O
O-O 9. e5 dxe5 10. Nf3 e4 11. Nh4 Nd5 12. Bxe7 Qxe7 13. g3 Nxc3 14. bxc3 b5 15.
f3 Rd8 16. Qc1 Bb7 17. Qe3 exf3 18. Bxf3 Bxf3 19. Rxf3 Nd7 20. Raf1 f6 21. g4
Qc5 22. g5 f5 23. g6 h6 24. Re1 Rac8 25. Kh1 Qxe3 26. Rfxe3 Nf8 27. R1e2 Rc4 28.
Nf3 Nxg6 29. Rxe6 Nf4 30. Re8+ Rxe8 31. Rxe8+ Kh7 32. Ne5 Re4 33. Nf7 Rxe8 34.
Ng5+ hxg5 35. h4 gxh4 0-1

[Event "AUTO-ADV-4007"]
[Site "http://www.queenalice.com/game.php?id=1541436"]
[Date "2018.9.7"]
[Round "2"]
[White "Aguinaldo"]
[Black "Sixpack_is_impossible"]
[Result "0-1"]
[WhiteElo "1911"]
[BlackElo "1873"]

1. e4 c5 2. Nf3 d6 3. Bb5+ Bd7 4. Qe2 e6 5. Nc3 a6 6. Bxd7+ Qxd7 7. d3 Nc6 8.
Bd2 Be7 9. O-O-O b5 10. h4 b4 11. Nb1 Nf6 12. c4 bxc3 13. Bxc3 O-O 14. Na3 Rfb8
15. e5 Nd5 16. exd6 Bxd6 17. Be5 Nf4 18. Bxf4 Bxf4+ 19. Kb1 Rb4 20. g3 Bh6 21.
Nc2 Rb5 22. Na3 Rb7 23. g4 g6 24. g5 Bg7 25. Nc4 Na5 26. Nxa5 Rxb2+ 27. Kc1 Rxe2
28. h5 Rb8 29. Nb3 Rxa2 30. Nfd2 Qxd3 31. hxg6 Qc2# 0-1

[Event "AUTO-ADV-4007"]
[Site "http://www.queenalice.com/game.php?id=1541437"]
[Date "2018.9.7"]
[Round "2"]
[White "Sixpack_is_impossible"]
[Black "Aguinaldo"]
[Result "0-1"]
[WhiteElo "1954"]
[BlackElo "1912"]

1. e4 e5 2. Nf3 d6 3. d4 exd4 4. Nxd4 Nf6 5. Nc3 Bd7 6. Bd3 Nc6 7. Nb3 Be7 8.
Bf4 Nb4 9. O-O Nxd3 10. Qxd3 Bc6 11. Rfe1 Qd7 12. Qe3 O-O 13. Bh6 Ng4 14. Qf4
Nxh6 15. Re3 Bf6 16. Rg3 Kh8 17. Rd1 Bxc3 18. Rxg7 Bxg7 19. Rxd6 cxd6 0-1

[Event "AUTO-OPEN-3931"]
[Site "http://www.queenalice.com/game.php?id=1541660"]
[Date "2018.9.9"]
[Round "2"]
[White "jocapeme"]
[Black "Sixpack_is_impossible"]
[Result "1-0"]
[WhiteElo "2255"]
[BlackElo "2088"]

1. e4 c5 2. Nf3 d6 3. Bc4 Nf6 4. d3 Nc6 5. O-O e5 6. Ng5 Qd7 7. Nc3 d5 8. exd5
Nd4 9. f4 Bd6 10. fxe5 Bxe5 11. Qe1 Qe7 12. Nxf7 Rf8 13. d6 Bxh2+ 14. Kxh2 Qxe1
15. Rxe1+ Kd7 16. Re7+ Kc6 17. Rc7+ Kb6 18. Na4+ Ka5 19. Bd2+ Kxa4 20. Rxc5 Ng4+
21. Kg3 b6 22. Rd5 Nxc2 23. Bb3# 1-0

[Event "AUTO-OPEN-3931"]
[Site "http://www.queenalice.com/game.php?id=1541661"]
[Date "2018.9.9"]
[Round "2"]
[White "Sixpack_is_impossible"]
[Black "jocapeme"]
[Result "0-1"]
[WhiteElo "1911"]
[BlackElo "2297"]

1. e4 e5 2. Nf3 Nc6 3. d4 exd4 4. Nxd4 Nxd4 5. Qxd4 Ne7 6. Bd3 Nc6 7. Qe3 Be7 8.
Nc3 d6 9. Bd2 Bf6 10. O-O-O Bg4 11. Rde1 O-O 12. f3 Be6 13. a3 Bd4 14. Qe2 Ne5
15. Bb5 c6 16. Ba4 Bc4 17. Qd1 Bf2 18. f4 Bxe1 19. fxe5 Bxd2+ 20. Qxd2 dxe5 21.
Qxd8 Raxd8 22. b3 Be6 23. h3 b5 24. Bxb5 cxb5 25. Nxb5 a6 26. Nc7 Bxb3 27. cxb3
Rc8 28. Rd1 Rxc7+ 29. Kd2 Rd8+ 0-1

[Event "AUTO-OPEN-3931"]
[Site "http://www.queenalice.com/game.php?id=1541666"]
[Date "2018.9.9"]
[Round "2"]
[White "Sixpack_is_impossible"]
[Black "InnerPiece"]
[Result "0-1"]
[WhiteElo "2035"]
[BlackElo "2283"]

1. e4 c5 2. Nf3 Nc6 3. d4 cxd4 4. Nxd4 g6 5. Nc3 Bg7 6. Be3 Nf6 7. f3 O-O 8. Qd2
d5 9. exd5 Nxd5 10. Bf2 Nxc3 11. Qxc3 Bxd4 12. Bxd4 Qxd4 13. Qxd4 Nxd4 14. Rc1
Be6 15. b3 Rac8 16. c4 Rfd8 17. Be2 Nxe2 18. Kxe2 a5 19. Rcd1 a4 20. Rxd8+ Rxd8
21. Rd1 Rxd1 22. Kxd1 Kf8 23. Kd2 Ke8 24. Kd3 axb3 25. axb3 b5 0-1

[Event "AUTO-OPEN-3931"]
[Site "http://www.queenalice.com/game.php?id=1541667"]
[Date "2018.9.9"]
[Round "2"]
[White "InnerPiece"]
[Black "Sixpack_is_impossible"]
[Result "1-0"]
[WhiteElo "2286"]
[BlackElo "2062"]

1. e4 c5 2. d3 e6 3. Nf3 Nc6 4. g3 b6 5. Bg2 g6 6. O-O Bg7 7. c3 Bb7 8. Re1 Qc7
9. Na3 a6 10. Nc2 O-O-O 11. d4 d6 12. Rb1 cxd4 13. cxd4 d5 14. exd5 exd5 15. Bf4
Qd7 16. Rc1 Nge7 17. Nb4 h5 18. Rxe7 Qxe7 19. Nxc6 Bxc6 20. Rxc6+ Kd7 21. Rc7+
Ke6 22. Qe2+ Kf6 23. Bg5+ Kf5 24. Bh3# 1-0

[Event "AUTO-OPEN-3945"]
[Site "http://www.queenalice.com/game.php?id=1543920"]
[Date "2018.9.28"]
[Round "2"]
[White "nemeth"]
[Black "Sixpack_is_impossible"]
[Result "1-0"]
[WhiteElo "2367"]
[BlackElo "1853"]

1. e4 c5 2. Nf3 d6 3. Nc3 Nc6 4. Bc4 e6 5. Qe2 g6 6. O-O Bg7 7. Nd1 Bd7 8. c3 a6
9. Ne3 b5 10. Bb3 Nf6 11. Bc2 Qc7 12. d4 O-O-O 13. a4 Nb8 14. axb5 Bxb5 15. Bd3
Qb6 16. Nc4 Bxc4 17. Bxc4 d5 18. exd5 exd5 19. Bxa6+ Nxa6 20. Qxa6+ Kc7 21.
Qxb6+ Kxb6 22. dxc5+ Kxc5 23. Be3+ Kc4 24. Nd2+ Kd3 25. Rfc1 Ng4 26. Nf1 Ke2 27.
Rd1 Bxc3 28. bxc3 Nxf2 29. Rd2# 1-0

[Event "AUTO-OPEN-3945"]
[Site "http://www.queenalice.com/game.php?id=1543921"]
[Date "2018.9.28"]
[Round "2"]
[White "Sixpack_is_impossible"]
[Black "nemeth"]
[Result "0-1"]
[WhiteElo "1828"]
[BlackElo "2358"]

1. e4 b6 2. d4 Bb7 3. Nc3 Nf6 4. f3 e6 5. Be2 Be7 6. Be3 O-O 7. g4 Ne8 8. h4
Bxh4+ 9. Bf2 Bxf2+ 10. Kxf2 f5 11. Ke1 fxg4 12. fxg4 Qf6 13. Bf3 Qf4 14. Nge2
Qxf3 15. Qd3 Qxh1+ 16. Ng1 Nd6 17. Kd2 Nxe4+ 18. Nxe4 Qxe4 19. Qh3 Rf2+ 20. Ne2
Qxe2+ 21. Kc3 Qxc2+ 22. Kb4 a5+ 23. Kb5 Ba6# 0-1

[Event "AUTO-OPEN-3952"]
[Site "http://www.queenalice.com/game.php?id=1543943"]
[Date "2018.9.28"]
[Round "2"]
[White "pawnforme"]
[Black "Sixpack_is_impossible"]
[Result "1-0"]
[WhiteElo "2103"]
[BlackElo "1991"]

1. d4 e6 2. Nf3 c5 3. c3 cxd4 4. Nxd4 g6 5. Nf3 Bg7 6. e3 Nc6 7. Be2 d5 8. Nbd2
Nge7 9. O-O Qc7 10. Rb1 O-O 11. Nb3 b6 12. Nfd4 Ne5 13. Nf3 Nxf3+ 14. Bxf3 Rd8
15. Bd2 Bb7 16. h3 Be5 17. Nd4 Bh2+ 18. Kh1 Be5 19. Re1 Bxd4 20. cxd4 Qd6 21. a3
Nf5 22. Bc3 Nh4 23. Be2 1-0

[Event "AUTO-OPEN-3952"]
[Site "http://www.queenalice.com/game.php?id=1543944"]
[Date "2018.9.28"]
[Round "2"]
[White "Sixpack_is_impossible"]
[Black "pawnforme"]
[Result "0-1"]
[WhiteElo "2004"]
[BlackElo "2091"]

1. e4 e5 2. Nf3 d6 3. d4 exd4 4. Nxd4 Be7 5. Nc3 Nf6 6. Bc4 O-O 7. Be3 a6 8. f3
Nbd7 9. g4 Ne5 10. Bb3 c5 11. g5 cxd4 12. Bxd4 Nfd7 13. f4 Nc6 14. Qh5 Nxd4 15.
Bxf7+ Rxf7 16. O-O-O Nc6 17. g6 h6 18. gxf7+ Kf8 19. Nd5 Nf6 20. Nxf6 Bxf6 21.
Rhg1 Be6 22. Rg2 Bxf7 23. Qh3 Qc7 0-1

[Event "AUTO-ADV-4010"]
[Site "http://www.queenalice.com/game.php?id=1544515"]
[Date "2018.10.2"]
[Round "2"]
[White "Sixpack_is_impossible"]
[Black "jocapeme"]
[Result "0-1"]
[WhiteElo "1913"]
[BlackElo "2296"]

1. e4 e5 2. Nf3 Nc6 3. d4 d6 4. d5 Nce7 5. Nc3 Nf6 6. Bd3 Ng6 7. h3 Be7 8. Bd2
O-O 9. g4 Bd7 10. g5 Nh5 11. Nxe5 Nxe5 12. Qxh5 g6 13. Qh6 Nf3+ 14. Ke2 Nxd2 15.
Kxd2 Bxg5+ 16. Ke2 Bxh6 0-1

[Event "AUTO-ADV-4010"]
[Site "http://www.queenalice.com/game.php?id=1544516"]
[Date "2018.10.2"]
[Round "2"]
[White "jocapeme"]
[Black "Sixpack_is_impossible"]
[Result "1-0"]
[WhiteElo "2298"]
[BlackElo "1909"]

1. e4 c5 2. Nf3 d6 3. Nc3 Nc6 4. Bc4 e6 5. O-O Qc7 6. d4 Bd7 7. d5 Na5 8. Bb5 h6
9. dxe6 fxe6 10. Bf4 e5 11. Nxe5 O-O-O 12. Bxd7+ Rxd7 13. Ng6 Rf7 14. Nxh8 Rxf4
15. Nd5 Rxf2 16. Nxc7 c4 17. Rxf2 1-0